Vaupés. Fragmentos para una historia económica y sociocultural : (Registro nro. 18016)

Detalles MARC
000 -CABECERA
Campo de control 01011nam a22002177a 4500
005 - FECHA Y HORA DE LA ULTIMA TRANSACCION
Campo de control 20160122140110.0
008 - ELEMENTOS DE LONGITUD FIJA—INFORMACION GENERAL
Campo de control 160122b2009 ck ||||| |||| 00| 0 spa d
040 ## - FUENTE DE CATALOGACIÓN
Agencia catalogadora original CO-BoIAVH
Agencia transcriptora CO-BoIAVH
041 ## - IDIOMA
Código de idioma para texto/pista de sonido o título separado Español
044 ## - PAÍS DE PUBLICACIÓN
País de publicación Colombia
082 14 - NUMERO DE CLASIFICACION DECIMAL DEWEY
Número de clasificación 507.86165
Número del ítem G63v
245 00 - MENCION DE TITULO
Título Vaupés. Fragmentos para una historia económica y sociocultural :
Parte restante del título texto guía para la enseñanza
260 ## - PUBLICACION, DISTRIBUCION, ETC. (PIE DE IMPRENTA)
Lugar de publicación, distribución, etc. Bogotá:
Nombre del editor, distribuidor, etc. Universida Nacional de Colombia. Facultad de Ciencias Humanas,
Fecha de publicación, distribución, etc. 2009.
300 ## - DESCRIPCION FISICA
Extensión 132 páginas
500 ## - NOTA GENERAL
Nota general Material de consulta en sala -- no se permite su reproducción de forma parcial o total.
505 ## - NOTA DE CONTENIDO
Nota de contenido Parte 1 -- El Vaupés en el contexto de la amazonia noroccidental<br/>Parte 2 -- Sociedad y cultura indígena vaupesina<br/>Parte 3 -- Historia y tradición oral entre los Tukano orientales
650 14 - ASIENTO SECUNDARIO DE MATERIA - TERMINO TEMATICO
Término temático o nombre geográfico como elemento de entrada Conocimiento tradicional
Subdivisión general Tukano
Subdivisión geográfica Vaupés (Colombia)
9 (RLIN) 53771
650 14 - ASIENTO SECUNDARIO DE MATERIA - TERMINO TEMATICO
Término temático o nombre geográfico como elemento de entrada Grupos indígenas
Subdivisión geográfica Vaupés (Colombia)
9 (RLIN) 53772
650 14 - ASIENTO SECUNDARIO DE MATERIA - TERMINO TEMATICO
Término temático o nombre geográfico como elemento de entrada Fauna
Subdivisión geográfica Vaupés (Colombia)
9 (RLIN) 53773
942 ## - ELEMENTOS ADICIONALES (KOHA)
Sistema de clasificación Dewey Decimal Classification
Tipo de ítem Informe Técnico
Existencias
Withdrawn status Lost status Sistema de Clasificación Damaged status No para préstamo Colección Inventariado Ubicación Permanente Ubicación actual Fecha de adquisición Total Checkouts Número topográfico Inventario / Código de Barras Date last seen Ejemplar Price effective from Forma de adquisición Tipo de material
    Dewey Decimal Classification     General Inventariado 2017 Bogotá Bogotá 22/01/2016   LB-507.86165 G63v 042178 22/01/2016 Ej. 1 22/01/2016   Informe Técnico